[Event "ESP-ch U18"]
[Site "Salobrena"]
[Date "2023.08.02"]
[Round "4"]
[White "Lemeshev, Ilya"]
[Black "Perez Epinin, Gines"]
[Result "1-0"]
[WhiteElo "2148"]
[BlackElo "1957"]
[PlyCount "89"]
[EventDate "2023.07.31"]
[EventType "swiss"]
[EventRounds "9"]
[EventCountry "ESP"]
[SourceTitle "CBM 215 Extra"]
[Source "ChessBase"]
[SourceDate "2023.09.30"]
[SourceVersion "1"]
[SourceVersionDate "2023.09.30"]
[SourceQuality "1"]

1. b3 Nf6 2. Bb2 d5 3. Nf3 e6 4. e3 Be7 5. c4 0-0 6. Be2 c5 7. 0-0 Nc6 8. cxd5 exd5 9. d4 cxd4 10. Nxd4 Nxd4 11. Qxd4 Be6 12. Nc3 Qd7 13. Rfd1 Rfd8 14. Bf3 b6 15. Rd2 Bc5 16. Qd3 Qe7 17. Rad1 Rd7 18. Qa6 Rad8 19. Qa4 h6 20. h3 a5 21. Rd3 Rd6 22. Qf4 R6d7 23. Nb5 Ne8 24. h4 Nd6 25. Nd4 Bxd4 26. Bxd4 Rb7 27. Bb2 Nf5 28. g3 Rbd7 29. Bg4 Nd6 30. Bf3 Nf5 31. Qa4 Qd6 32. Kg2 Ne7 33. Ba3 Qe5 34. R1d2 Bf5 35. Bxe7 Qxe7 36. Rxd5 Rxd5 37. Rxd5 Rxd5 38. Bxd5 Be6 39. Qe4 Bxd5 40. Qxd5 Qf6 41. a3 Qe7 42. a4 Qc7 43. Kf3 Qe7 44. Qa8+ Kh7 45. Qd5 1-0